Quiz : Les lois du football - Statistiques

Statistiques générales
  • Ce quiz a été pris 3 303 fois
    3 269 depuis la dernière actualisation
  • Le résultat moyen est 5 sur 10
Statistiques - réponses
Question Réponse % Correct
Lors d'un corner, le tireur frappe directement dans le but adverse But validé
90%
Après une passe en retrait volontaire d'un de ses défenseurs, un gardien se saisit du ballon avec ses mains dans sa surface de réparation. Faute, coup franc indirect
71%
Dans certains districts de football, le carton blanc est en vigueur. Quelle en est sa signification ? Expulsion temporaire de 10 minutes
62%
Lors du coup d'envoi d'un match, l'attaquant tir directement vers le but et marque. Le but est valide
60%
Un gardien dégage un ballon lors d'un "six mètres". Un joueur, seul derrière la défense adverse, reçoit le ballon et parvient à marquer But validé
52%
Quel accessoire est facultatif pour un gardien de but ? Les gants
46%
Un joueur tire un pénalty. Le ballon tape le poteau, revient dans les pieds du tireur qui en profite pour frapper au but. But annulé, coup franc pour l'équipe adverse
40%
En France, pour ne pas être déclaré "forfait", de combien de joueurs une équipe doit-elle disposer sur le terrain au minimum ? 8
39%
Dans une situation offensive, si un joueur subit une faute du dernier défenseur adverse, ce dernier doit obligatoirement prendre un carton rouge Faux
39%
Un joueur marque directement sur une touche, sans qu'aucun joueur ne touche le ballon. But annulé, "six mètres" pour l'équipe adverse
36%
Aucun quiz correspondant
Distribution des résultats
% des personnes avec chaque résultat
Percentile par nombre de réponses
Votre historique - résultats
Vous n’avez pas pris ce quiz depuis la dernière actualisation